000 00985nam a2200265Ia 4500
003 OSt
005 20220923211005.0
006 a|||||r|||| 00| 0
007 ta
008 220922b |||||||| |||| 00| 0 hin d
020 _a8170165474 (hbk)
_c125
024 _a237,614
037 _b428, 24/03/2009, Swaraj Prakashan
_cTextual
040 _aARTS
_cARTS
_bhin
041 _2hin
_ahin
082 _aO152,3NSUx, P2
100 _aशुक्ल, श्रीलाल
_9156279
245 0 _aदस प्रतिनिधि कहानियॉं
246 _aDas pratinidhi kahāniyaॉan
260 _aनयी दिल्ली
_b किताबघर प्रकाशन
_c2002
300 _a124पृ.
_ccm.
490 _aदस प्रतिनिधि कहानियॉं सीरीज़
942 _hO152,3NSUx, P2
_cTEXL
_2CC
999 _c293601
_d293601